[Event "Wch Seniors 20th"]
[Site "Arco"]
[Date "2010.10.30"]
[Round "5"]
[White "Busu, Corneliu"]
[Black "Cao, Jorge"]
[Result "1/2-1/2"]
[WhiteElo "2305"]
[BlackElo "2144"]
[PlyCount "44"]
[EventDate "2010.10.26"]
[EventType "swiss"]
[EventRounds "11"]
[EventCountry "ITA"]
[SourceTitle "EXT 2011"]
[Source "ChessBase"]
[SourceDate "2010.11.26"]
[SourceVersion "1"]
[SourceVersionDate "2010.11.26"]
[SourceQuality "1"]

1. d4 Nf6 2. c4 c5 3. d5 d6 4. Nc3 g6 5. e4 Bg7 6. Nf3 0-0 7. Bd3 e6 8. 0-0 exd5 9. exd5 Bg4 10. h3 Bxf3 11. Qxf3 Nbd7 12. Qd1 a6 13. a4 Ne8 14. Ne4 h6 15. f4 f5 16. Nc3 Nef6 17. Bd2 Nh5 18. Qf3 Bd4+ 19. Kh1 Qh4 20. Kh2 Rae8 21. g3 Qf6 22. Rfe1 Kg7 1/2-1/2

[Event "ROM-chT"]
[Site "Baile Herculane"]
[Date "2010.09.12"]
[Round "9.14"]
[White "Busu, Corneliu"]
[Black "Pop, Alexandru"]
[Result "0-1"]
[WhiteElo "2305"]
[BlackElo "2116"]
[PlyCount "76"]
[EventDate "2010.09.04"]
[EventType "team-tourn"]
[EventRounds "9"]
[EventCountry "ROU"]
[SourceTitle "EXT 2021"]
[Source "ChessBase"]
[SourceDate "2020.10.23"]
[SourceVersion "1"]
[SourceVersionDate "2020.10.23"]
[SourceQuality "1"]

1. d4 d5 2. c4 e6 3. Nc3 c5 4. cxd5 exd5 5. Nf3 Nc6 6. g3 Nf6 7. Bg2 Be7 8. 0-0 0-0 9. b3 Bg4 10. dxc5 Bxc5 11. Bg5 d4 12. Ne4 Be7 13. Bxf6 Bxf6 14. Rc1 Re8 15. Nc5 b6 16. Nd3 Rc8 17. Re1 Qd7 18. Qd2 h6 19. Nf4 g5 20. Nd3 Kg7 21. Rc2 Bf5 22. h4 g4 23. Nh2 Ne5 24. Nxe5 Bxe5 25. Rxc8 Rxc8 26. Rc1 Rc3 27. Rxc3 dxc3 28. Qxd7 Bxd7 29. Be4 f5 30. Bc2 Kf6 31. Nf1 f4 32. gxf4 Bxf4 33. e3 Bd6 34. f3 gxf3 35. Kf2 Bg4 36. a4 a5 37. Ke1 h5 38. Kf2 Ke6 0-1

[Event "ROM-chT"]
[Site "Baile Herculane"]
[Date "2010.09.04"]
[Round "1.14"]
[White "Busu, Corneliu"]
[Black "Vasilescu, Lucian Mihail"]
[Result "1/2-1/2"]
[WhiteElo "2305"]
[BlackElo "2283"]
[PlyCount "82"]
[EventDate "2010.09.04"]
[EventType "team-tourn"]
[EventRounds "9"]
[EventCountry "ROU"]
[SourceTitle "EXT 2021"]
[Source "ChessBase"]
[SourceDate "2020.10.23"]
[SourceVersion "1"]
[SourceVersionDate "2020.10.23"]
[SourceQuality "1"]

1. d4 Nf6 2. c4 e6 3. Nf3 d5 4. Nc3 Nbd7 5. Bg5 Bb4 6. e3 c5 7. cxd5 exd5 8. Bxf6 Nxf6 9. Bb5+ Kf8 10. 0-0 Qa5 11. Qa4 c4 12. Qxa5 Bxa5 13. Ba4 Bf5 14. Ne5 a6 15. Rac1 Rc8 16. Bc2 Bxc2 17. Rxc2 b5 18. a3 Ke7 19. g4 Bxc3 20. bxc3 Ne4 21. f3 Nd6 22. g5 f6 23. gxf6+ gxf6 24. Ng4 Rhg8 25. Kh1 f5 26. Ne5 Ke6 27. Rg1 Rxg1+ 28. Kxg1 Rg8+ 29. Rg2 Rxg2+ 30. Kxg2 Nf7 31. Nc6 Kd6 32. Nb4 a5 33. Nc2 Nd8 34. Kg3 Ke6 35. e4 fxe4 36. fxe4 dxe4 37. Kf4 Nf7 38. Kxe4 Ng5+ 39. Kf4 Nh3+ 40. Kf3 Ng5+ 41. Kf4 Nh3+ 1/2-1/2

[Event "Wch Seniors 19th"]
[Site "Condino"]
[Date "2009.11.02"]
[Round "6"]
[White "Acers, Jude Frazer"]
[Black "Busu, Corneliu"]
[Result "1/2-1/2"]
[WhiteElo "2226"]
[BlackElo "2320"]
[PlyCount "26"]
[EventDate "2009.10.27"]
[EventType "swiss"]
[EventRounds "11"]
[EventCountry "ITA"]
[SourceTitle "EXT 2010"]
[Source "ChessBase"]
[SourceDate "2010.11.25"]
[SourceVersion "1"]
[SourceVersionDate "2010.11.25"]
[SourceQuality "1"]

1. d4 Nf6 2. Bg5 d5 3. Nc3 Nbd7 4. e3 c6 5. f4 e6 6. a3 Be7 7. Nf3 b5 8. Bd3 Bb7 9. 0-0 h6 10. Bh4 a6 11. f5 exf5 12. Bxf5 0-0 13. Bg3 c5 1/2-1/2

[Event "ROM-chT"]
[Site "Eforie Nord"]
[Date "2008.09.03"]
[Round "3"]
[White "Foisor, Ovidiu Doru"]
[Black "Busu, Corneliu"]
[Result "1/2-1/2"]
[WhiteElo "2410"]
[BlackElo "2339"]
[PlyCount "21"]
[EventDate "2008.09.01"]
[EventType "team"]
[EventRounds "9"]
[EventCountry "ROU"]
[SourceTitle "CBM 126 Extra"]
[Source "ChessBase"]
[SourceDate "2008.11.05"]
[SourceVersion "1"]
[SourceVersionDate "2008.11.05"]
[SourceQuality "1"]

1. d4 Nf6 2. c4 e6 3. Nf3 b6 4. g3 Bb7 5. Bg2 Be7 6. 0-0 0-0 7. Nc3 d5 8. cxd5 exd5 9. Bf4 Na6 10. Rc1 h6 11. a3 1/2-1/2

[Event "Wch Seniors 17th"]
[Site "Gmunden"]
[Date "2007.09.23"]
[Round "6"]
[White "Busu, Corneliu"]
[Black "Gaspariants, Garry"]
[Result "1/2-1/2"]
[WhiteElo "2381"]
[BlackElo "2241"]
[PlyCount "88"]
[EventDate "2007.09.17"]
[EventType "swiss"]
[EventRounds "11"]
[EventCountry "AUT"]
[SourceTitle "CBM 120 Extra"]
[Source "ChessBase"]
[SourceDate "2007.11.01"]
[SourceVersion "1"]
[SourceVersionDate "2007.11.01"]
[SourceQuality "1"]

1. d4 Nf6 2. c4 e6 3. Nf3 b6 4. Nc3 Bb4 5. Bg5 h6 6. Bh4 Ba6 7. e3 c5 8. a3 Bxc3+ 9. bxc3 d6 10. Bd3 Qd7 11. e4 Nc6 12. Bg3 Nh5 13. d5 Na5 14. Nd2 Nxg3 15. hxg3 0-0-0 16. a4 exd5 17. exd5 Rhe8+ 18. Kf1 Re5 19. Qc2 Kc7 20. Rh4 Rde8 21. Rf4 g5 22. Rf3 Qe7 23. Qd1 Bc8 24. Qb1 Bg4 25. Bf5 Bxf3 26. gxf3 Qf6 27. g4 R8e7 28. Qd3 h5 29. Ne4 Rxe4 30. fxe4 hxg4 31. Re1 Qh8 32. Kg1 Re8 33. Bxg4 Qe5 34. Re3 Qf4 35. Bh3 g4 36. Bg2 Re5 37. Qe2 f5 38. exf5 Nxc4 39. Re4 Rxe4 40. Qxe4 Qxe4 41. Bxe4 Nd2 42. f6 Kd8 43. Bg6 Nf3+ 44. Kf1 Ne5 1/2-1/2

[Event "Wch Seniors 17th"]
[Site "Gmunden"]
[Date "2007.09.21"]
[Round "5"]
[White "Zunker, Reinhard"]
[Black "Busu, Corneliu"]
[Result "1/2-1/2"]
[WhiteElo "2250"]
[BlackElo "2381"]
[PlyCount "43"]
[EventDate "2007.09.17"]
[EventType "swiss"]
[EventRounds "11"]
[EventCountry "AUT"]
[SourceTitle "CBM 120 Extra"]
[Source "ChessBase"]
[SourceDate "2007.11.01"]
[SourceVersion "1"]
[SourceVersionDate "2007.11.01"]
[SourceQuality "1"]

1. e4 c5 2. Nf3 e6 3. d4 cxd4 4. Nxd4 a6 5. Be3 Qc7 6. Nc3 Bb4 7. Qd3 Nf6 8. Bd2 Nc6 9. Nxc6 bxc6 10. a3 Be7 11. f4 d5 12. Be2 a5 13. e5 Nd7 14. 0-0 g6 15. Kh1 Ba6 16. Qf3 Bxe2 17. Qxe2 a4 18. Rae1 Nb6 19. g4 Nc4 20. Bc1 Bh4 21. Rd1 Be7 22. Rf3 1/2-1/2

[Event "Wattens op 14th"]
[Site "Wattens"]
[Date "1999.??.??"]
[Round "8"]
[White "Busu, Corneliu"]
[Black "Erhard, Jakob"]
[Result "1/2-1/2"]
[WhiteElo "2230"]
[BlackElo "1905"]
[PlyCount "41"]
[EventDate "1999.??.??"]
[EventType "swiss"]
[EventRounds "9"]
[EventCountry "AUT"]
[SourceTitle "EXT 2001"]
[Source "ChessBase"]
[SourceDate "2000.11.22"]
[SourceVersion "1"]
[SourceVersionDate "2000.11.22"]
[SourceQuality "1"]

1. d4 d5 2. c4 e6 3. Nf3 c6 4. cxd5 exd5 5. Nc3 Bd6 6. e4 dxe4 7. Nxe4 Qe7 8. Qe2 Bb4+ 9. Nfd2 Be6 10. a3 Ba5 11. Nc5 Nf6 12. b4 Bb6 13. Nc4 Bxc5 14. dxc5 0-0 15. Bb2 Nbd7 16. f3 Nd5 17. Kf2 a5 18. Qd2 axb4 19. axb4 Rxa1 20. Bxa1 Ra8 21. Bd3 1/2-1/2

[Event "Wattens op 14th"]
[Site "Wattens"]
[Date "1999.??.??"]
[Round "7"]
[White "Gruber, Michael"]
[Black "Busu, Corneliu"]
[Result "1-0"]
[WhiteElo "1915"]
[BlackElo "2230"]
[PlyCount "83"]
[EventDate "1999.??.??"]
[EventType "swiss"]
[EventRounds "9"]
[EventCountry "AUT"]
[SourceTitle "EXT 2001"]
[Source "ChessBase"]
[SourceDate "2000.11.22"]
[SourceVersion "1"]
[SourceVersionDate "2000.11.22"]
[SourceQuality "1"]

1. e4 c5 2. Nf3 e6 3. d4 cxd4 4. Nxd4 a6 5. Nc3 d6 6. Be3 Nf6 7. Be2 Be7 8. 0-0 Qc7 9. f4 0-0 10. Qe1 b5 11. Bf3 Bb7 12. a3 Nc6 13. Qg3 Nxd4 14. Bxd4 d5 15. Kh1 dxe4 16. Nxe4 Bxe4 17. Bxe4 Rad8 18. Be5 Qc4 19. Bd3 Qc5 20. Rf3 g6 21. Qh4 Rxd3 22. Rxd3 Qxc2 23. Rh3 Rd8 24. Re1 Rd1 25. Rc3 Qd2 26. Rc8+ Bf8 27. Bc3 Rxe1+ 28. Qxe1 Qxf4 29. Bd2 Qd4 30. Bb4 Nd7 31. Rd8 Qxb2 32. Rxd7 Bxb4 33. axb4 a5 34. bxa5 b4 35. Rb7 b3 36. Qd1 Qa2 37. Rxb3 Qxa5 38. Rf3 Qc7 39. Qa1 Qe7 40. Ra3 e5 41. Ra5 e4 42. Ra8+ 1-0

[Event "Wattens op 14th"]
[Site "Wattens"]
[Date "1999.??.??"]
[Round "5"]
[White "Meingast, Markus"]
[Black "Busu, Corneliu"]
[Result "0-1"]
[WhiteElo "2090"]
[BlackElo "2230"]
[PlyCount "54"]
[EventDate "1999.??.??"]
[EventType "swiss"]
[EventRounds "9"]
[EventCountry "AUT"]
[SourceTitle "EXT 2001"]
[Source "ChessBase"]
[SourceDate "2000.11.22"]
[SourceVersion "1"]
[SourceVersionDate "2000.11.22"]
[SourceQuality "1"]

1. e4 c5 2. Nc3 e6 3. g3 Nc6 4. Bg2 g6 5. d3 Bg7 6. f4 Nge7 7. Nf3 d6 8. 0-0 0-0 9. g4 f5 10. h3 Rb8 11. Re1 Nd4 12. Ne2 Nxf3+ 13. Bxf3 b5 14. c3 b4 15. d4 bxc3 16. bxc3 cxd4 17. cxd4 Bb7 18. Ng3 fxe4 19. Bxe4 Nd5 20. Qd3 Nxf4 21. Bxf4 Rxf4 22. Qe3 Qf6 23. Bxb7 Rxb7 24. Ne2 Rf3 25. Qe4 d5 26. Qc2 Rf7 27. Rf1 Rxf1+ 0-1

[Event "ROM-chT2"]
[Site "Sovata"]
[Date "1997.??.??"]
[Round "5"]
[White "Busu, Corneliu"]
[Black "Sanduleac, Vasile"]
[Result "0-1"]
[WhiteElo "2230"]
[BlackElo "2425"]
[PlyCount "104"]
[EventDate "1997.10.??"]
[EventType "team-tourn"]
[EventRounds "7"]
[EventCountry "ROU"]
[SourceTitle "EXT 2000"]
[Source "ChessBase"]
[SourceDate "1999.11.16"]
[SourceVersion "1"]
[SourceVersionDate "1999.11.16"]
[SourceQuality "1"]

1. d4 d6 2. Nf3 Bg4 3. e3 c6 4. Be2 Nd7 5. 0-0 e5 6. dxe5 dxe5 7. Bd2 Ngf6 8. Nc3 Qc7 9. Ng5 Bxe2 10. Qxe2 Be7 11. e4 0-0 12. Kh1 h6 13. Nf3 Nc5 14. Nh4 Ne6 15. Nf5 Rfe8 16. Be3 Bb4 17. Nd1 Bf8 18. Qf3 Nh7 19. Nc3 Kh8 20. Rad1 Nhg5 21. Qg4 Rad8 22. h4 Nh7 23. Qf3 b5 24. a3 a5 25. Ne2 Rxd1 26. Rxd1 Rd8 27. Nc1 Rxd1+ 28. Qxd1 Nf6 29. Qf3 Nd7 30. g4 Qd8 31. Qg3 Nf6 32. Nd3 Nxe4 33. Qxe5 Nf6 34. f3 Kg8 35. Kg2 Nd5 36. Bc1 a4 37. Nf2 Be7 38. Nxe7+ Qxe7 39. g5 h5 40. Ne4 Qd7 41. Ng3 Ne7 42. Be3 Qd1 43. Qe4 Nd5 44. Nf5 Qe2+ 45. Kg3 Qe1+ 46. Kg2 g6 47. Bg1 Ndf4+ 48. Kh1 Qf1 49. Ne3 Qh3+ 50. Bh2 Qxh4 51. Qxc6 Qe1+ 52. Bg1 Ne2 0-1

[Event "ROM-chT2"]
[Site "Sovata"]
[Date "1997.??.??"]
[Round "?"]
[White "Groszpeter, Attila"]
[Black "Busu, Corneliu"]
[Result "1-0"]
[WhiteElo "2530"]
[BlackElo "2230"]
[PlyCount "33"]
[EventDate "1997.10.??"]
[EventType "team-tourn"]
[EventRounds "7"]
[EventCountry "ROU"]
[SourceTitle "EXT 2000"]
[Source "ChessBase"]
[SourceDate "1999.11.16"]
[SourceVersion "1"]
[SourceVersionDate "1999.11.16"]
[SourceQuality "1"]

1. e4 c5 2. Nf3 Nc6 3. d4 cxd4 4. Nxd4 Nf6 5. Nc3 e5 6. Ndb5 d6 7. Bg5 a6 8. Na3 b5 9. Bxf6 gxf6 10. Nd5 Be6 11. c3 Bxd5 12. Qxd5 Ne7 13. Qd2 Qb6 14. c4 b4 15. c5 Qxc5 16. Rc1 Qa7 17. Nb5 1-0

[Event "ROM-chT2"]
[Site "Sovata"]
[Date "1997.??.??"]
[Round "?"]
[White "Rogozenco, Dorian"]
[Black "Busu, Corneliu"]
[Result "1/2-1/2"]
[WhiteElo "2490"]
[BlackElo "2230"]
[PlyCount "106"]
[EventDate "1997.10.??"]
[EventType "team-tourn"]
[EventRounds "7"]
[EventCountry "ROU"]
[SourceTitle "EXT 2000"]
[Source "ChessBase"]
[SourceDate "1999.11.16"]
[SourceVersion "1"]
[SourceVersionDate "1999.11.16"]
[SourceQuality "1"]

1. d4 Nf6 2. c4 e6 3. Nc3 Bb4 4. Nf3 b6 5. Bg5 Bb7 6. e3 h6 7. Bh4 0-0 8. Bd3 c5 9. 0-0 cxd4 10. exd4 Be7 11. Bg3 d5 12. cxd5 Nxd5 13. Qe2 Nd7 14. a3 N7f6 15. Ne5 Nxc3 16. bxc3 Rc8 17. Rfc1 Qd5 18. f3 Rxc3 19. Bf2 Rxc1+ 20. Rxc1 Rc8 21. Rxc8+ Bxc8 22. Qc2 Qb7 23. a4 Bd6 24. Nc4 Bb8 25. Bh4 Bd7 26. Ne5 Bxe5 27. dxe5 Nd5 28. Qc4 Qc6 29. Qe4 Qc1+ 30. Be1 Bxa4 31. Kf1 Bc2 32. Qh7+ Kf8 33. Qh8+ Ke7 34. Bb5 Nc7 35. Be2 Bd1 36. Qxg7 Bxe2+ 37. Kxe2 Qc4+ 38. Kd1 Qd3+ 39. Kc1 Qc4+ 40. Kd1 Nd5 41. Qxh6 Qd3+ 42. Kc1 Qa3+ 43. Kb1 Qb3+ 44. Kc1 Ne3 45. Bh4+ Kd7 46. Qh7 Qd1+ 47. Kb2 Nc4+ 48. Kc3 Qc1+ 49. Kb3 Qb2+ 50. Kxc4 b5+ 51. Kc5 Qc3+ 52. Kxb5 Qb3+ 53. Ka5 Qa3+ 1/2-1/2

[Event "ROM-chT2"]
[Site "Sovata"]
[Date "1997.??.??"]
[Round "2"]
[White "Stefanov, Parik"]
[Black "Busu, Corneliu"]
[Result "1/2-1/2"]
[WhiteElo "2395"]
[BlackElo "2230"]
[PlyCount "31"]
[EventDate "1997.10.??"]
[EventType "team-tourn"]
[EventRounds "7"]
[EventCountry "ROU"]
[SourceTitle "EXT 2000"]
[Source "ChessBase"]
[SourceDate "1999.11.16"]
[SourceVersion "1"]
[SourceVersionDate "1999.11.16"]
[SourceQuality "1"]

1. e4 c5 2. Nf3 e6 3. d4 cxd4 4. Nxd4 a6 5. Bd3 g6 6. f4 Bg7 7. Nf3 Ne7 8. c4 Nbc6 9. Nc3 d6 10. 0-0 0-0 11. Kh1 Qc7 12. Be3 b6 13. Rc1 Rb8 14. Qe1 f5 15. exf5 Nxf5 16. Bg1 1/2-1/2

[Event "Wattens op 09th"]
[Site "Wattens"]
[Date "1994.??.??"]
[Round "9"]
[White "Badea, Bela"]
[Black "Busu, Corneliu"]
[Result "1-0"]
[WhiteElo "2435"]
[BlackElo "2200"]
[PlyCount "41"]
[EventDate "1994.??.??"]
[EventType "swiss"]
[EventRounds "9"]
[EventCountry "AUT"]
[SourceTitle "EXT 2000"]
[Source "ChessBase"]
[SourceDate "1999.11.16"]
[SourceVersion "1"]
[SourceVersionDate "1999.11.16"]
[SourceQuality "1"]

1. Nf3 Nf6 2. g3 b6 3. Bg2 Bb7 4. 0-0 e6 5. d3 Be7 6. e4 d6 7. Re1 0-0 8. Nbd2 Nbd7 9. b3 h6 10. Bb2 Ne8 11. c4 c5 12. d4 cxd4 13. Nxd4 a6 14. f4 Nc5 15. Qe2 d5 16. cxd5 exd5 17. e5 Nc7 18. f5 a5 19. f6 gxf6 20. Nf5 fxe5 21. Qxe5 1-0

[Event "Wattens op 09th"]
[Site "Wattens"]
[Date "1994.??.??"]
[Round "2"]
[White "Busu, Corneliu"]
[Black "Jedinger, Andreas"]
[Result "1-0"]
[WhiteElo "2200"]
[BlackElo "1865"]
[PlyCount "123"]
[EventDate "1994.??.??"]
[EventType "swiss"]
[EventRounds "9"]
[EventCountry "AUT"]
[SourceTitle "EXT 2000"]
[Source "ChessBase"]
[SourceDate "1999.11.16"]
[SourceVersion "1"]
[SourceVersionDate "1999.11.16"]
[SourceQuality "1"]

1. d4 Nf6 2. c4 e5 3. dxe5 Ne4 4. e3 Bb4+ 5. Bd2 Nxd2 6. Nxd2 Nc6 7. Ngf3 Qe7 8. a3 Bxd2+ 9. Qxd2 Nxe5 10. Nxe5 Qxe5 11. Qd4 Qxd4 12. exd4 d6 13. Bd3 Bd7 14. Kd2 0-0-0 15. Rhe1 Rde8 16. b4 h6 17. f4 Rxe1 18. Rxe1 Re8 19. Rxe8+ Bxe8 20. Ke3 Kd8 21. h4 Ke7 22. g4 f6 23. Bf5 b6 24. d5 a5 25. b5 Kd8 26. Ke4 Ke7 27. h5 Kf8 28. Kf3 Ke7 29. Bh7 Kf8 30. Ke4 Ke7 31. Bg8 Bd7 32. Kf3 Kf8 33. Be6 Be8 34. Ke4 Ke7 35. Kf5 Kf8 36. Ke4 Ke7 37. Kf3 Kf8 38. Kg3 Ke7 39. Kh4 Kf8 40. g5 fxg5+ 41. fxg5 Ke7 42. Kg4 hxg5 43. Kxg5 Bxh5 44. Kxh5 Kf6 45. Bg4 Ke5 46. Kg6 Kd4 47. Kxg7 Kxc4 48. a4 Kxd5 49. Kf6 Kc5 50. Ke6 c6 51. bxc6 Kxc6 52. Be2 Kc5 53. Bb5 d5 54. Ke5 d4 55. Ke4 d3 56. Kxd3 Kd5 57. Be8 Kc5 58. Ke4 Kd6 59. Kd4 Kc7 60. Kd5 Kb7 61. Kd6 Ka8 62. Kc7 1-0

[Event "Wattens op 09th"]
[Site "Wattens"]
[Date "1994.??.??"]
[Round "4"]
[White "Busu, Corneliu"]
[Black "Mueller, Georg"]
[Result "1/2-1/2"]
[WhiteElo "2200"]
[BlackElo "1905"]
[PlyCount "71"]
[EventDate "1994.??.??"]
[EventType "swiss"]
[EventRounds "9"]
[EventCountry "AUT"]
[SourceTitle "EXT 2000"]
[Source "ChessBase"]
[SourceDate "1999.11.16"]
[SourceVersion "1"]
[SourceVersionDate "1999.11.16"]
[SourceQuality "1"]

1. d4 d5 2. c4 e6 3. Nc3 Nf6 4. Bg5 Nbd7 5. Nf3 c6 6. e3 Qa5 7. Nd2 Be7 8. Bf4 0-0 9. a3 Qd8 10. Be2 Re8 11. 0-0 Nf8 12. Rc1 Ng6 13. Bg3 Bd6 14. Bxd6 Qxd6 15. Nf3 Bd7 16. Bd3 Rf8 17. Qe2 dxc4 18. Bxc4 e5 19. Qd3 exd4 20. Qxd4 Qxd4 21. Nxd4 Rad8 22. Be2 Rfe8 23. Rfd1 Ne5 24. h3 Ng6 25. Rc2 c5 26. Nf3 Bc6 27. Rcd2 Rxd2 28. Rxd2 Kf8 29. Bb5 Bxb5 30. Nxb5 a6 31. Nd6 Ne4 32. Nxe4 Rxe4 33. Rd7 Re7 34. Rd8+ Re8 35. Rxe8+ Kxe8 36. Kf1 1/2-1/2

[Event "Wattens op 09th"]
[Site "Wattens"]
[Date "1994.??.??"]
[Round "5"]
[White "Wagner, Benedikt"]
[Black "Busu, Corneliu"]
[Result "0-1"]
[WhiteElo "1855"]
[BlackElo "2200"]
[PlyCount "82"]
[EventDate "1994.??.??"]
[EventType "swiss"]
[EventRounds "9"]
[EventCountry "AUT"]
[SourceTitle "EXT 2000"]
[Source "ChessBase"]
[SourceDate "1999.11.16"]
[SourceVersion "1"]
[SourceVersionDate "1999.11.16"]
[SourceQuality "1"]

1. d4 Nf6 2. Bg5 d5 3. Nd2 c6 4. Bxf6 exf6 5. e3 Bf5 6. c3 Nd7 7. h3 h5 8. Ne2 Bd6 9. c4 Qa5 10. Nc3 Bb4 11. Be2 Bxc3 12. bxc3 dxc4 13. 0-0 b5 14. Bf3 Rc8 15. Bxc6 Bd3 16. Bxd7+ Kxd7 17. Nb3 Qxc3 18. Rc1 cxb3 19. Rxc3 Rxc3 20. axb3 Bxf1 21. Qa1 Rhc8 22. Qxa7+ R8c7 23. Qa8 Bd3 24. Qf8 Bg6 25. Qxg7 Ke7 26. g4 Rc1+ 27. Kg2 h4 28. Kf3 R7c2 29. g5 Rf1 30. Qxf6+ Kd7 31. Kg4 Rcxf2 32. Qb6 Rg1+ 33. Kxh4 Rf5 34. Qb7+ Ke8 35. Qc8+ Ke7 36. Qc7+ Kf8 37. Qd8+ Kg7 38. Qe7 b4 39. Qd8 Rfxg5 40. Qxg5 Rxg5 41. Kxg5 Bc2 0-1

[Event "Kecskemet BACSPRIM op"]
[Site "Kecskemet"]
[Date "1981.10.24"]
[Round "6"]
[White "Busu, Corneliu"]
[Black "Perecz, Laszlo"]
[Result "1/2-1/2"]
[WhiteElo "2300"]
[BlackElo "2295"]
[PlyCount "52"]
[EventDate "1981.10.19"]
[EventType "swiss"]
[EventRounds "13"]
[EventCountry "HUN"]
[SourceTitle "EXT 2023"]
[Source "ChessBase"]
[SourceDate "2022.10.05"]
[SourceVersion "1"]
[SourceVersionDate "2022.10.05"]
[SourceQuality "1"]

1. d4 d5 2. c4 c6 3. Nc3 Nf6 4. e3 e6 5. Nf3 Nbd7 6. Bd3 dxc4 7. Bxc4 b5 8. Bd3 a6 9. e4 c5 10. d5 c4 11. dxe6 fxe6 12. Bc2 Bb7 13. Nd4 Nc5 14. e5 Nd5 15. Qh5+ g6 16. Bxg6+ hxg6 17. Qxh8 Nd3+ 18. Kf1 N5f4 19. Nce2 Bxg2+ 20. Kg1 Qg5 21. h4 Nxe2+ 22. Nxe2 Qg4 23. Rh2 Bc6+ 24. Kf1 0-0-0 25. Qf6 Bf3 26. Nf4 Bb4 1/2-1/2